|
|
|
|
| LEADER |
01748cas a2200229 a 4500 |
| 001 |
AALejournalIMF004444 |
| 008 |
230101c9999 xx r poo 0 0eng d |
| 020 |
|
|
|z 9781451922486
|
| 022 |
|
|
|a 0145-1707
|
| 040 |
|
|
|a BD-DhAAL
|c BD-DhAAL
|
| 110 |
2 |
|
|a International Monetary Fund.
|b External Relations Dept.
|
| 245 |
1 |
0 |
|a Finance and Development, September 2006.
|
| 264 |
|
1 |
|a Washington, D.C. :
|b International Monetary Fund,
|c 2006.
|
| 300 |
|
|
|a 1 online resource (59 pages)
|
| 490 |
1 |
|
|a Finance and Development
|
| 500 |
|
|
|a <strong>Off-Campus Access:</strong> No User ID or Password Required
|
| 500 |
|
|
|a <strong>On-Campus Access:</strong> No User ID or Password Required
|
| 506 |
|
|
|a Electronic access restricted to authorized BRAC University faculty, staff and students
|
| 520 |
3 |
|
|a The Economics of Demographics provides a detailed look at how the biggest demographic upheaval in history is affecting global development. The issue explores demographic change and the effects of population aging from a variety of angles, including pensions, health care, financial markets, and migration, and looks specifically at the impact in Europe and Asia. Picture This looks at global demographic trends, while Back to Basics explains the concept of the demographic dividend. Country Focus spotlights Kazakhstan, while People in Economics profiles Nobel prize winner Robert Mundell. IMF Economic Counsellor Raghuram Rajan argues for further change in India's style of government in his column, Straight Talk.
|
| 538 |
|
|
|a Mode of access: Internet
|
| 830 |
|
0 |
|a Finance and Development; Finance and Development ;
|v No. 0043/003
|
| 856 |
4 |
0 |
|z Full text available on IMF
|u http://elibrary.imf.org/view/journals/022/0043/003/022.0043.issue-003-en.xml
|z IMF e-Library
|